Statistics for Country of Origin of Manchester United Players

Click here to take the quiz!

General Stats

  • This quiz has been taken 334 times
  • The average score is 9 of 14

Answer Stats

# of PlayersCountry% Correct
12England
98%
3Spain
93%
3France
92%
2Argentina
74%
1Germany
74%
1Brazil
71%
1Italy
71%
2Belgium
62%
1Sweden
62%
3Netherlands
60%
1Ecuador
38%
1Ivory Coast
36%
1Uruguay
22%
1Armenia
16%

Score Distribution

Percentile by Number Answered

Percent of People with Each Score

Your Score History

You have not taken this quiz